| 000 | 00784nam a2200193Ia 4500 | ||
|---|---|---|---|
| 008 | 151121s9999||||xx |||||||||||||| ||und|| | ||
| 082 | _a811/करोग | ||
| 082 | _bHNW-113219 | ||
| 100 | _aकरोगल सुषमा- अनु | ||
| 245 | _aस्वातंत्र्योत्तर मराठी कविता | ||
| 260 | _b"प्रतिमा पकाशन, इलाहाबाद" | ||
| 260 | _c1999 | ||
| 300 | _a356 | ||
| 600 | _aकरोगल सुषमा- अनु | ||
| 630 | _aस्वातंत्र्योत्तर मराठी कविता | ||
| 700 | _aकरोगल सुषमा- अनु | ||
| 730 | _aस्वातंत्र्योत्तर मराठी कविता | ||
| 942 | _cBOOK | ||
| 999 |
_c1262368 _d1262365 |
||